Outgrowing the Earth : The Food Security Challenge in the Age of Falling Water Tables and Rising Temperatures /

Zapisane w:
Opis bibliograficzny
1. autor: Brown, Lester R. (autor)
Korporacja: Earth Policy Institute
Format: Książka
Język:angielski
Wydane: Nueva York, EUA : Norton, 2004, c2004
Hasła przedmiotowe:
Etykiety: Dodaj etykietę
Nie ma etykietki, Dołącz pierwszą etykiete!

MARC

LEADER 00000nam^a2200000^a^4500
001 000184105
005 20250521000000.0
009 20260310102105.229
020 |a 0-393-32725-6 
037 |a Acervo ITESO - Biblioteca 
041 |a ING 
082 |a 338. 19  |b BRO 
100 |a Brown, Lester R.  |e (autor) 
245 1 0 |a Outgrowing the Earth :  |b The Food Security Challenge in the Age of Falling Water Tables and Rising Temperatures /  |c L.R. Brown, Earth Policy Institute. 
264 4 |a Nueva York, EUA :  |b Norton,  |c 2004, c2004 
300 |a XVI, 239 p. 
336 |a texto  |b txt  |2 rdacontenido 
337 |a sin mediación  |b n  |2 rdamedio 
338 |a volumen  |b nc  |2 rdasoporte 
649 |a XX 
650 |a Abasto de Alimentos 
650 |a Cereales -  |x Aspectos Económicos 
650 |a Agua -  |x Abastecimiento 
650 |a Cultivos 
650 |a Agricultura -  |x Aspectos Económicos 
650 |a Cambio Climático 
650 |a Calentamiento de la Tierra 
650 |a Conservación y Protección Ambiental 
650 |a Política Alimentaria 
650 |a Política Ambiental 
650 |a Economía de la Tierra 
710 |a Earth Policy Institute 
910 |a Fondo General 
920 |a Impresos - Libros 
930 |a Colección General 
905 |a 101 
901 |a 0500124778  |b IT1  |c ACC  |u 20250521 
902 |a https://opac.biblio.iteso.mx/vufind/Record/000184105